| 000 | 01319cam a22003374a 4500 | ||
|---|---|---|---|
| 001 | 12273664 | ||
| 005 | 20010522072257.0 | ||
| 008 | 010108s2001 ilua b 001 0 eng | ||
| 010 | _a 2001000126 | ||
| 020 | _a0879122617 | ||
| 020 | _a9780879122614 | ||
| 040 |
_aDLC _cDLC _dDLC |
||
| 042 | _apcc | ||
| 043 | _an-us--- | ||
| 050 | 0 | 0 |
_aT55 _b.T55 2001 |
| 082 | 0 | 0 |
_a620.86 _222 _bTOM |
| 100 | 1 |
_aTompkins, Neville C. _924698 |
|
| 245 | 1 | 0 |
_aBasics of Safety and Health / _cNeville C. Tompkins. |
| 250 | _arev. ed. | ||
| 260 |
_a[Itasca, Ill.] : _bNational Safety Council, 2001 _c2001. |
||
| 300 |
_av, 406 p. : _bill. ; _c23 cm. |
||
| 500 | _aIncludes index | ||
| 504 | _aIncludes bibliographical references and index. | ||
| 650 | 0 |
_aIndustrial safety _zUnited States. _924699 |
|
| 650 | 0 |
_aIndustrial hygiene _zUnited States. _924700 |
|
| 650 | 0 |
_aAccidents _zUnited States _xPrevention. _924701 |
|
| 653 |
_bGen _bpet _cJune2011 |
||
| 942 |
_2ddc _cBB |
||
| 999 |
_c15544 _d15544 |
||